Sita Gita speaks on get orgnised simplify your life (Record no. 89738)

MARC details
000 -LEADER
fixed length control field 00569nam a2200217Ia 4500
005 - DATE AND TIME OF LATEST TRANSACTION
control field 20251118153130.0
008 - FIXED-LENGTH DATA ELEMENTS--GENERAL INFORMATION
fixed length control field 230125s9999 xx 000 0 und d
020 ## - INTERNATIONAL STANDARD BOOK NUMBER
International Standard Book Number 81-7167-991-9
041 ## - LANGUAGE CODE
Language code of text/sound track or separate title eng
082 ## - DEWEY DECIMAL CLASSIFICATION NUMBER
Classification number 158.1
Item number SG
100 ## - MAIN ENTRY--PERSONAL NAME
Author Sita Gita
245 ## - TITLE STATEMENT
Title Sita Gita speaks on get orgnised simplify your life
260 ## - PUBLICATION, DISTRIBUTION, ETC.
Date of publication, distribution, etc. 2002
Name of publisher, distributor, etc. Rupa & Co. Publisher
Place of publication, distribution, etc. New Delhi
300 ## - PHYSICAL DESCRIPTION
Extent 59p
440 ## - SERIES STATEMENT/ADDED ENTRY--TITLE
Title Sita gita speaks on
500 ## - GENERAL NOTE
Keywords Personality Development,
650 ## - SUBJECT ADDED ENTRY--TOPICAL TERM
Topical term or geographic name entry element General
700 ## - ADDED ENTRY--PERSONAL NAME
Personal name Sita Gita
942 ## - ADDED ENTRY ELEMENTS (KOHA)
Koha item type Books
906 ## - LOCAL DATA ELEMENT F, LDF (RLIN)
b 8
Holdings
Withdrawn status Lost status Damaged status Not for loan Home library Current library Date acquired Vendor Net Price Bill number Total Checkouts Full call number Barcode Date last seen Actual Price Bill Date Koha item type Original Barcode
        Smt. Hiraben Nanavati Institute of Management & Research for Women Smt. Hiraben Nanavati Institute of Management & Research for Women 29/03/2004 Pathfinder 50.00 115   158.1 SG B03890 HIMR-BK-3890 25/01/2023 42.00 29/03/2004 Books B03890